000 01030naa a22002777a 4500
001 BR9507191
003 BR-BrBNA
005 20240918181408.0
007 ta
008 230509b bl.||||| |||| 00| 0 por d
040 _aBR-BrBNA
_bpor
_cBiblioteca Nacional de Agricultura
041 _a(Pt)
072 _aL20
_b7110
090 _aL20 BR9507191
100 1 _aBarros, J. de R.S.
111 1 _a10. Congresso Brasileiro de Apicultura
_cCaldas Novas, GO (Brazil)
_d14-18 Aug 1994
245 1 _aMeliponicultura migratoria
260 3 _aCaldas Novas, GO (Brasil):
_c1994.
500 _aSoares, A.E.E.; Jong, D. de(eds.) Anais do 10. Congresso Brasileiro de Apicultura Caldas Novas, GO (Brasil): 1994. p. 42-45 (BR9507191-AM)L20
650 _aAbelha
650 _aColmeia
650 _aMigracao Animal
773 0 _tAnais do 10. Congresso Brasileiro de Apicultura
_aSoares, A.E.E.; Jong, D. de(eds.)
_wL20 BR9507191
_gCaldas Novas, GO (Brasil), 1994. p. 42-45
909 _a202404
_bLucia
_c55
_dLucia Elande
942 _cAM
_2AGRIS
999 _c325079
_d325079